[Event "Goch op 27th"]
[Site "Goch"]
[Date "2016.09.03"]
[Round "5"]
[White "Gross, Karl"]
[Black "Klaus, Egon"]
[Result "1-0"]
[WhiteElo "1996"]
[BlackElo "1859"]
[PlyCount "63"]
[EventDate "2016.09.01"]
[EventType "swiss"]
[EventRounds "7"]
[EventCountry "GER"]
[SourceTitle "EXT 2018"]
[Source "ChessBase"]
[SourceDate "2017.10.13"]
[SourceVersion "1"]
[SourceVersionDate "2017.10.13"]
[SourceQuality "1"]

1. e4 e6 2. Nf3 c5 3. a3 Nc6 4. b4 cxb4 5. axb4 Bxb4 6. c3 Be7 7. d4 d5 8. e5 a6 9. Bd3 Bd7 10. h4 f5 11. g4 g6 12. h5 g5 13. gxf5 exf5 14. Qc2 Qc8 15. Bxg5 h6 16. Bd2 Bf8 17. Rg1 Nge7 18. Nh4 Be6 19. Bf4 Qd7 20. Nd2 Rc8 21. Qb2 Rg8 22. Rxg8 Nxg8 23. Ng6 Nce7 24. Nxf8 Kxf8 25. Nb3 Qe8 26. Be2 Bf7 27. Nc5 Kg7 28. Qd2 Bxh5 29. Bxh6+ Nxh6 30. Qg5+ Bg6 31. Ne6+ Kh7 32. Qf6 1-0